| 000 | 00509nam a22001697a 4500 | ||
|---|---|---|---|
| 003 | SGT | ||
| 020 | _a9788177585421 | ||
| 082 | _a547,FIN | ||
| 100 | _aFINAR,I.L. | ||
| 245 | _aORGANIC CHEMISTRY | ||
| 250 | _a6TH | ||
| 260 |
_aNEW DELHI _bPEARSON _c2013 |
||
| 300 | _a965 | ||
| 650 | _aUNASSIGNED | ||
| 653 | _aDETERMINATION OF STRUCTURE,PROPERTIES OF MOLECULES,ALKANES,AND ALKYNES AND ALKYNES,HALOGEN DERIVATIVES OF THE ALKANES POLYHYDRIC ALCOHOLS ,NITROGEN COMPOUNDS,CARBOHYDRATES | ||
| 942 |
_2ddc _cFCM |
||
| 999 |
_c9264 _d9264 |
||